Uncertainty and Investment : The Financial Intermediary Balance Sheet Channel /

Rollover risk imposes market discipline on banks' risk-taking behavior but it can be socially costly. I present a two-sided model in which a bank simultaneously lends to a firm and borrows from the short-term funding market. When the bank is capital constrained, uncertainty in asset quality and...

ver descrição completa

Detalhes bibliográficos
Autor principal: Chen, Sophia
Formato: Periódico
Idioma:English
Publicado em: Washington, D.C. : International Monetary Fund, 2015.
Colecção:IMF Working Papers; Working Paper ; No. 2015/065
Assuntos:
Acesso em linha:Full text available on IMF
LEADER 01616cas a2200253 a 4500
001 AALejournalIMF015111
008 230101c9999 xx r poo 0 0eng d
020 |c 5.00 USD 
020 |z 9781475593167 
022 |a 1018-5941 
040 |a BD-DhAAL  |c BD-DhAAL 
100 1 |a Chen, Sophia. 
245 1 0 |a Uncertainty and Investment :   |b The Financial Intermediary Balance Sheet Channel /  |c Sophia Chen. 
264 1 |a Washington, D.C. :  |b International Monetary Fund,  |c 2015. 
300 |a 1 online resource (30 pages) 
490 1 |a IMF Working Papers 
500 |a <strong>Off-Campus Access:</strong> No User ID or Password Required 
500 |a <strong>On-Campus Access:</strong> No User ID or Password Required 
506 |a Electronic access restricted to authorized BRAC University faculty, staff and students 
520 3 |a Rollover risk imposes market discipline on banks' risk-taking behavior but it can be socially costly. I present a two-sided model in which a bank simultaneously lends to a firm and borrows from the short-term funding market. When the bank is capital constrained, uncertainty in asset quality and rollover risk create a negative externality that spills over to the real economy by ex ante credit contraction. Macroprudential and monetary policies can be used to reduce the social cost of market discipline and improve efficiency. 
538 |a Mode of access: Internet 
651 7 |a United Kingdom  |2 imf 
830 0 |a IMF Working Papers; Working Paper ;  |v No. 2015/065 
856 4 0 |z Full text available on IMF  |u http://elibrary.imf.org/view/journals/001/2015/065/001.2015.issue-065-en.xml  |z IMF e-Library